Models of computation : (رقم التسجيلة. 32345)

تفاصيل مارك
000 -الفاتح
حقل البيانات ثابتة الطول 01219cam a22003375a 4500
001 - رقم الضبط
رقم الضبط 15793230
003 - محدد رقم الضبط
رقم الضبط OSt
005 - وقت وتاريخ اخر تعامل مع التسجيلة
رقم الضبط 20150408114154.0
008 - عناصر البيانات ثابتة الطول - معلومات عامة
حقل البيانات ثابتة الطول 090626s2009 nyua b 001 0 eng
010 ## - رقم ضبط مكتبة الكونجرس
رقم ضبط مكتبة الكونجرس 2009284519
015 ## - رقم الببليوجرافية الوطنية
رقم الببليوجرافية الوطنية GBA937443
المصدر bnb
016 7# - رقم ضبط الوكاله الوطنية للضبط الببليوجرافي
رقم ضبط التسجيلة 015110195
المصدر Uk
020 ## - الرقم الدولى المعيارى للكتب
الرقم الدولى المعيارى للكتاب 9781848824331 (pbk.)
020 ## - الرقم الدولى المعيارى للكتب
الرقم الدولى المعيارى للكتاب 1848824335 (pbk.)
035 ## - رقم ضبط النظام
رقم ضبط النظام (OCoLC)ocn310400710
040 ## - مصدر الفهرسة
وكالة الفهرسة الأصلية UKM
وكالة النسخ UKM
وكالة التعديل BTCTA
-- YDXCP
-- BWK
-- BWX
-- DLC
042 ## - رمز التحقق
رمز التحقق ukblcatcopy
-- lccopycat
050 00 - رقم طلب مكتبة الكونجرس
رقم التصنيف QA267
رقم المادة .F47 2009
082 04 - رقم تصنيف ديوى العشرى
رقم التصنيف 511.3
رقم الطبعة 22
رقم المادة FMM
100 1# - المدخل الرئيسى - إسم شخصى
الإسم الشخصى Fernandez, Maribel.
9 (RLIN) 40470
245 10 - بيان العنوان
العنوان Models of computation :
بقية العنوان an introduction to computability theory /
بيان المسئوليه,etc by Maribel Fern�andez.
260 ## - PUBLICATION, DISTRIBUTION, ETC. (IMPRINT)
مكان الناشر او الموزع New York ;
-- London :
اسم الناشر او الموزع Springer,
تاريخ النشر أو التوزيع 2009.
300 ## - الوصف المادى
التعداد xi, 184 p. :
تفاصيل ماديه اخرى للوعاء ill. ;
أبعاد الوعاء 24 cm.
490 0# - بيان السلسلة
عنوان السلسلة Undergraduate topics in computer science
504 ## - تبصرة ببليوجرافية
تبصرة ببليوجرافية,الخ Includes bibliographical references and index.
650 #0 - المدخل الاضافى بالموضوع-مصطلح موضوعى
مصطلح موضوعي أو اسم جغرافي كعنصر مدخل Computable functions.
9 (RLIN) 4938
650 #0 - المدخل الاضافى بالموضوع-مصطلح موضوعى
مصطلح موضوعي أو اسم جغرافي كعنصر مدخل Turing machines.
9 (RLIN) 12161
906 ## - عنصر بيانات محلى F, LDF (RLIN)
a 7
b cbc
c copycat
d 2
e ncip
f 20
g y-gencatlg
942 ## - عناصر المدخل الإضافي( كوها)
مصدر التصنيف او مخطط الترفيف Dewey Decimal Classification
Koha [default] item type DVD
المقتنيات
حالة الفقد نموذج السعر الفعال حالة تلف ليس للاعارة رقم الطلب تاريخ الاكتساب الموقع الحالي الفرع الرئيسي Date last seen نوع المادة فى نظام كوها مصدر التصنيف او خطة الترفيف Total Checkouts
  2013-11-18     511.3 FMM 2013-11-18 المكتبة المركزية بالمجمعة (CL) المكتبة المركزية بالمجمعة (CL) 2013-11-18 كتاب Dewey Decimal Classification